Sports Quiz

Random Sports Quiz

Players on the 2006 Yankees Roster Quiz Stats

 Plays Quiz not verified by Sporcle

Challenge
Share
Tweet
Embed
Score 0/49 Timer 15:00
0 Plays Today
Current Team Player % Correct
New York YankeesDerek Jeter
97.6%
New York YankeesJorge Posada
95.1%
New York YankeesAlex Rodriguez
90.2%
New York YankeesMariano Rivera
85.4%
New York YankeesRobinson Cano
80.5%
Former Baseball PlayerGary Sheffield
80.5%
Former Baseball PlayerBernie Williams
80.5%
Colorado RockiesJason Giambi
78%
Former Baseball PlayerMike Mussina
75.6%
Oakland Athletics Hideki Matsui
75.6%
Tampa Bay RaysJohnny Damon
63.4%
Kansas City RoyalsMelky Cabrera
61%
Former Baseball PlayerRandy Johnson
58.5%
Los Angeles Angels of AnaheimBobby Abreu
58.5%
Free AgentShawn Chacon
34.1%
Tampa Bay RaysKyle Farnsworth
34.1%
Cincinnati RedsMiguel Cairo
31.7%
Former Baseball PlayerJaret Wright
29.3%
Former Baseball PlayerAndy Phillips
29.3%
Former Baseball PlayerAaron Small
24.4%
Former Baseball PlayerCory Lidle
22%
Atlanta BravesScott Proctor
22%
Former Baseball PlayerBubba Crosby
22%
Washington NationalsChien Ming-Wang
19.5%
Nettuno Baseball ClubKris Wilson
19.5%
Current Team Player % Correct
Former Baseball PlayerCraig Wilson
19.5%
St.Louis CardinalsOctavio Dotel
14.6%
Pittsburgh PiratesJeff Karstens
14.6%
Former Baseball PlayerMike Myers
14.6%
Former Baseball PlayerTanyon Sturtze
14.6%
Former Baseball PlayerSal Fasano
14.6%
Free AgentSidney Ponson
12.2%
Chicago White SoxBrian Bruney
9.8%
Former Baseball PlayerMatt Smith
9.8%
Lancaster Barnstormers TJ Beam
7.3%
Free AgentColter Bean
7.3%
Pittsburgh PiratesJose Veras
7.3%
Washington NationalsRon Villone
7.3%
Atlanta BravesWil Nieves
7.3%
Former Baseball PlayersScott Erickson
4.9%
Las Vegas 51`s (AAA)Sean Henn
4.9%
Round Rock Express (AAA)Nick Green
4.9%
Tokyo Yakult Swallows Aaron Guiel
4.9%
Former Baseball PlayerKevin Reese
4.9%
Fort Worth CatsKevin Thompson
4.9%
Former Baseball PlayerAndy Cannizaro
2.4%
Former Baseball PlayerTerrence Long
2.4%
Tohoku Rakuten Golden Eagles Darrell Ranser
0%
Former Baseball PlayerKelly Stinnnett
0%

You're not logged in!

Compare scores with friends on all Sporcle quizzes.
Join for Free
OR
Log In

You Might Also Like...

Show Comments

Extras

Created Aug 10, 2011ReportFavoriteNominate
Tags:2006, player, roster, team

Top Quizzes Today


Score Distribution

Your Account Isn't Verified!

In order to create a playlist on Sporcle, you need to verify the email address you used during registration. Go to your Sporcle Settings to finish the process.

Report this User

Report this user for behavior that violates our Community Guidelines.

Details: